| 000 | 00364pab a2200145 454500 | ||
|---|---|---|---|
| 008 | 180718b2003 xxu||||| |||| 00| 0 eng d | ||
| 100 | _aXia, Guang | ||
| 245 | _aGlobalization of odds with Americanization: (a review essay) | ||
| 260 | _c2003 | ||
| 300 | _ap.709-18. | ||
| 362 | _aNov | ||
| 650 | _aGlobalization | ||
| 773 | _aCurrent Sociology | ||
| 909 | _a58889 | ||
| 999 |
_c58889 _d58889 |
||